000 00655nam a22001817a 4500
020 _qHard Cover.
082 _a330
100 _aNadeem, Moazza
245 _aSocio-Economic Determinants of Admissions to Old Age Homes in Islamabad, Pakistan. An Exploratory Study. /
_cMoazza Nadeem, Sania Naseem and Hamza Khalid.
260 _aIslamabad:
_bS3H - NUST,
_c2019.
300 _a37 p. :
_bill. ;
_c30cm.
563 _aHB
650 _aEconomics BS-Project Report.
_927430
700 _aDr. Faryal Qayum
_927431
856 _uhttp://10.250.8.41:8080/xmlui/handle/123456789/3269
942 _2ddc
_cPR
999 _c533509
_d533509